| 000 | 00511nam a2200193Ia 4500 | ||
|---|---|---|---|
| 005 | 20250425162821.0 | ||
| 008 | 250425s9999 xx 000 0 und d | ||
| 020 | _a0939791811 | ||
| 041 | _aeng | ||
| 044 | _a-us | ||
| 100 | _aJOHNSON, KAREN | ||
| 245 | 0 | _aTEACHER EDUCATION | |
| 250 | _aS.E. | ||
| 264 |
_aEstados Unidos, VIRGINIA CITY _bTEACHERS OF ENGLISH TO SPEAKERS OF OTHER LANGUAGES, INC. _c2000. |
||
| 300 | _a215 | ||
| 650 | _aEDUCACION SUPERIOR-PROFESORES | ||
| 942 | _c01 | ||
| 010 | _a110117 | ||
| 999 |
_c237032 _d237032 |
||